Countries Mentioned in Pitbull Lyrics - Statistics

General Stats
  • This quiz has been taken 33 times
  • The average score is 27 of 48
Answer Stats
Answer % Correct
Brazil
94%
Spain
94%
United States
94%
France
84%
Colombia
81%
Mexico
81%
Argentina
78%
China
78%
Cuba
78%
Germany
78%
Italy
78%
United Kingdom
75%
Greece
72%
Japan
72%
Australia
69%
Chile
69%
Venezuela
66%
Uruguay
63%
Bolivia
59%
Jamaica
59%
Morocco
59%
Paraguay
59%
India
56%
Romania
56%
Panama
53%
Peru
53%
Sweden
53%
Dominican Republic
50%
Haiti
50%
Costa Rica
47%
El Salvador
47%
Honduras
47%
Lebanon
47%
Bahamas
44%
Ecuador
44%
Finland
44%
Nicaragua
44%
Guatemala
41%
Indonesia
38%
Philippines
34%
United Arab Emirates
34%
Malaysia
31%
Trinidad and Tobago
31%
Monaco
28%
South Korea
28%
Iraq
25%
D.R. Congo
19%
Ghana
16%
No matching quizzes found
Score Distribution
Percent of People with Each Score
Percentile by Number Answered
Your Score History
You have not taken this quiz